Catalog

Record Details

Catalog Search



Available copies

  • 2 of 2 copies available at LARL/NWRL Consortium.
  • 2 of 2 copies available at Lake Agassiz Regional Library. (Show preferred library)

Current holds

0 current holds with 2 total copies.

Show Only Available Copies
Location Call Number / Copy Notes Barcode Shelving Location Status Due Date
Crookston Public Library RHI (Text) 33500013856752 Main Available -
Fertile Public Library RHI (Text) 33500013856745 Main Available -

Record details

  • ISBN: 9780593473061
  • ISBN: 059347306X
  • Physical Description: 514 pages : map ; 23 cm
  • Publisher: [New York] : Dutton, 2023.

Content descriptions

Summary, etc.:
"This is the epic retelling of Troy, the most ... Read More
Subject: Cassandra (Legendary character) > Fiction.
Helen, of Troy, Queen of Sparta > Fiction.
Trojan War > Fiction.
Prophets > Fiction.
Genre: Fiction.
Novels.
LDR 01823cam a22004578i 4500
001418493
003LARL_NWRL_CONSORTIUM
00520230821215247.0
008221116s2023 nyub 000 1 eng
010 . ‡a 2022055496
040 . ‡aICU/DLC ‡beng ‡erda ‡cDLC ‡dOCLCF ‡dJCX
020 . ‡a9780593473061 ‡q(paperback)
020 . ‡a059347306X
020 . ‡z9780593473078 ‡q(ebook)
035 . ‡a(OCoLC)1350079079
042 . ‡apcc
08200. ‡a813/.6 ‡223/eng/20230320
1001 . ‡aRhine, A. D., ‡eauthor.
24510. ‡aHorses of fire : ‡ba novel of Troy / ‡cA. D. Rhine.
264 1. ‡a[New York] : ‡bDutton, ‡c2023.
300 . ‡a514 pages : ‡bmap ; ‡c23 cm
336 . ‡atext ‡btxt ‡2rdacontent
337 . ‡aunmediated ‡bn ‡2rdamedia
338 . ‡avolume ‡bnc ‡2rdacarrier
520 . ‡a"This is the epic retelling of Troy, the most famous war in myth or history, in which four strong yet misunderstood women take center stage, their stories so intricately and beautifully woven together that the result is an utterly spellbinding and immersive historical novel"-- ‡cProvided by publisher.
60000. ‡aCassandra ‡c(Legendary character) ‡vFiction.
60000. ‡aHelen, ‡cof Troy, Queen of Sparta ‡vFiction.
650 0. ‡aTrojan War ‡vFiction. ‡0(LARL_NWRL_CONSORTIUM)167770
650 0. ‡aProphets ‡vFiction. ‡0(LARL_NWRL_CONSORTIUM)174455
655 7. ‡aFiction. ‡2lcgft
655 7. ‡aNovels. ‡2lcgft
77608. ‡iOnline version: ‡aRhine, A. D. ‡tHorses of fire ‡d[New York] : Dutton, 2023 ‡z9780593473078 ‡w(DLC) 2022055497
905 . ‡uvanderl
901 . ‡a418493 ‡b ‡c418493 ‡tbiblio ‡soclc

Additional Resources